000 00557nmm a2200169Ia 4500
008 251105s9999||||xx |||||||||||||||||und||
020 _a9789587385236
041 _aspa
100 _aSchuster, Sven
245 0 _aLa nación expuesta : Cultura visual y procesos de formación de la nación en América Latina
264 _a[Bogotá, Colombia] :
_bUniversidad del Rosario,
_c2014
300 _a258 páginas
490 _aTextos de Ciencias Humanas
650 _aArts in general
856 _uhttps://public.digitaliapublishing.com/a/46385
942 _cCF
999 _c95802
_d95802